00526 2200205 4500001002100000005001500021035002000036245004000056100001200096250000600108300003500114260003900149082001200188084001800200020001800218650003300236990001700269990001700286990001700303INLIS00000000000021220180918035859 a0010-09180000661 aSelayang Pandang Lampung /cGiyarto0 aGiyarto a- aiv, 60 hlm. :bilus. ;c21 cm. aKlaten :bPT Intan Pariwara,c2009 a911.598 a911.598 GIY s a979-28-0108-8 aGeografis Historis Indonesia a00916/P/2018 a00917/P/2018 a00918/P/2018